000 00646nam a22002417a 4500
003 UA-OsUOA
001 125348
007 ta
008 20170914b un ||||| |||| 00| 0 ukr d
100 _aПоліщук В.
090 _a82.09(477)
_bП50
942 _cBK
040 _aUA-OsUOA
_bukr
_cUA-OsUOA
_dUA-OsUOA
245 _aФранкознавчі студії
300 _a154 с.
955 _a1
041 _aukr
080 _a82.09(477)
020 _a978-966-920-069-3
260 _aЧеркаси
_bЮ. Чабаненко
_c2016
650 7 _a82 Література. Літературознавство
_2UDC
999 _c412580
_d412580